FC 25 Ultimate Succession - Statistics

General Stats
  • This quiz has been taken 12 times
  • The average score is 22 of 39
Answer Stats
rat pos club plaery % Correct
Ultimate Succession 92 CAM Inter Miami Lionel Messi
100%
Ultimate Succession 90 CB Paris Saint-Germain Marquinhos
89%
Ultimate Succession Icon 92 CB Italy Franco Baresi
78%
Ultimate Succession 89 GK Borussia Dortmund Gregor Kobel
78%
Ultimate Succession 88 RB Bayern Munich Joshua Kimmich
78%
Ultimate Succession 89 RW FC Barcelona Lamine Yamal
78%
Ultimate Succession 88 ST Inter Milan Marcus Thuram
78%
Ultimate Succession 87 CB Borussia Dortmund Nico Schlotterbeck
78%
Ultimate Succession 86 ST LAFC Olivier Giroud
78%
Ultimate Succession Icon 93 CB Italy Paolo Maldini
78%
Ultimate Succession Icon 92 CAM Italy Roberto Baggio
78%
Ultimate Succession Icon 94 LW Brazil Ronaldinho
78%
Ultimate Succession 88 CM Newcastle Sandro Tonali
78%
Ultimate Succession Icon 91 CAM Italy Alessandro Del Piero
67%
Ultimate Succession 86 CB Paris Saint-Germain Lucas Beraldo
67%
Ultimate Succession Icon 90 RB Germany Philipp Lahm
67%
Ultimate Succession 89 LB OL Féminin Selma Bacha
67%
Ultimate Succession Hero 87 LB D1 Féminine Sonia Bompastor
67%
Ultimate Succession 85 CDM Liverpool Wataru Endo
67%
Ultimate Succession Hero 87 CAM MLS Clint Dempsey
56%
Ultimate Succession 88 ST OL Féminin Eugénie Le Sommer
56%
Ultimate Succession Icon 89 CM England Gerrard
56%
Ultimate Succession Icon 90 CAM Brazil Kaká
56%
Ultimate Succession 86 CB Manchester City Manuel Akanji
56%
Ultimate Succession 86 CDM Arsenal Jorginho
44%
Ultimate Succession Icon 89 ST France Marinette Pichon
44%
Ultimate Succession 86 CB LA Galaxy Maya Yoshida
44%
Ultimate Succession 85 CDM Brighton James Milner
33%
Ultimate Succession 87 CDM Bayern Munich João Palhinha
33%
Ultimate Succession 85 CAM Orlando City Nicolás Lodeiro
33%
Ultimate Succession Hero 88 CAM Serie A Rui Costa
33%
Ultimate Succession 86 CDM Real Betis William Carvalho
33%
Ultimate Succession 85 LB Freiburg Christian Günter
22%
Ultimate Succession 87 CDM KC Current Desiree Scott
22%
Ultimate Succession 86 CM KC Current Jesse Fleming
22%
Ultimate Succession 85 LB Freiburg Jordy Makengo
22%
Ultimate Succession 85 CDM Pohang Steelers Oberdan
22%
Ultimate Succession 85 GK St Louis City Roman Bürki
22%
Ultimate Succession 85 LB Pohang Steelers Wanderson
22%
No matching quizzes found
Score Distribution
Percent of People with Each Score
Percentile by Number Answered
Your Score History
You have not taken this quiz